00277nam a22000857a 4500082001600000245012200016260002600138300000900164650001800173 a661.806 PRO aProceedings of a workshop on the Technological aspects of the production and processing of essentiol oil in Sri Lanka aColombobIchemcc1993 a52 p aEssentiol OIL